| 000 | 00537 a2200169 4500 | ||
|---|---|---|---|
| 003 | OSt | ||
| 005 | 20231122113321.0 | ||
| 008 | 231122b |||||||| |||| 00| 0 eng d | ||
| 020 | _a9789354009518 | ||
| 040 | _coclc | ||
| 082 |
_a578 _bBAK/P |
||
| 100 | 1 |
_aBaker, John R. _q(John Randal), _d1900-1984 _99925 |
|
| 245 |
_aPrinciples of biological microtechnique; : _ba study of fixation and dyeing / _cJohn R Baker |
||
| 260 |
_bAlpha editions _c2020. |
||
| 300 | _a357p | ||
| 942 |
_2ddc _cBK _h578 _iBAK/P _k578 _mBAK/P |
||
| 999 |
_c43650 _d43650 |
||